000 00994cab a2200265 4500
001 ABS50624
008 090401t1994 xxu||||| |||| 00| 0 eng d
035 _a(Sirsi) u76715
041 _aeng
245 _aRetail
260 _c1994
350 _a0
490 _aBuilding
_v259(7843) 13 May 1994, 38-51(9)
520 _aA feature on reviving activity in the retail market and the change in emphasis from out-of-town superstores to refurbishment and town centre development. The Friars Square development in Aylesbury is given as a case study of the new approach. Design issues are addressed, highlighting the means of increasing pedestrian access and the range of building services available.
650 _aDESIGN
650 _aFIRE
650 _aMECHANICAL SERVICES
650 _aOCCUPANCY COSTS
650 _aRETAIL PARKS
650 _aSECURITY
650 _aSHOPPING CENTRES
690 _aPROPERTY-COMMERCIAL PROPERTY-RETAIL PROPERTY
942 _n0
948 _c04/03/1997
999 _c48201
_d48201